00514cam a2200193 a 4500001000800000005001700008008004100025010001700066020002800083040001800111041000800129043001200137080002100149082002500170100000700195101000800202245004400210504006600254114467920180214083156.0950816r19951991ilua b 001 0 eng  a 95037345  a0875805701 (alk. paper) aDLCcDLCdDLC aeng ae-ur-ru a305.56330947 WOR00a305.56330947 WOR2201 a19 aPOL10aPeasant Russia :cChristine D. Worobec. aIncludes bibliographical references (p. [225]-247) and index.